000 00576nam a2200193Ia 4500
003 LDD
008 181029s9999 xx 000 0 und d
020 _a9788175332294
_c895.00
040 _cLDD
100 _aTiwary, Shiv Shanker
245 0 _aWorld religions and their beliefs system
_cShiv Shanker Tiwary
260 _aNew Delhi
_bMD Publications
_c2009
300 _av, 323p.
365 _b895.00
901 _a5442
_b11-12-2009
902 _aSBS/557/D/09
_b30-12-2009
_cF
_dSBS
_eCBCI
903 _aDiscount-15
_bReqst by : Gracious Thomas
942 _2ddc
_cBK
999 _c88535
_d88535